Normal view
MARC view
Entry Personal Name
001 - CONTROL NUMBER
- control field: 7800
003 - CONTROL NUMBER IDENTIFIER
- control field: OSt
005 - DATE AND TIME OF LATEST TRANSACTION
- control field: 20211028144240.0
008 - FIXED-LENGTH DATA ELEMENTS
- fixed length control field: 211028|| aca||aabn | a|a d
040 ## - CATALOGING SOURCE
- Original cataloging agency: OSt
- Transcribing agency: OSt
100 ## - HEADING--PERSONAL NAME
- Personal name: Divya M K; Kamath, T Ramesh.
- Miscellaneous information: 1616043
670 ## - SOURCE DATA FOUND
- Source citation: Work cat.: (OSt): Divya M K; Kamath, T Ramesh. 1616043, Study on effeicancy of traning and development on employees performance at Kerala State Rubber Co-Operative ltd (RUBCO) Kerala., 2018